A blossom promise / (Record no. 6059)

MARC details
000 -LEADER
fixed length control field 00971nam a22003017a 4500
001 - CONTROL NUMBER
control field 6059
003 - CONTROL NUMBER IDENTIFIER
control field FISKH
005 - DATE AND TIME OF LATEST TRANSACTION
control field 20250303155630.0
008 - FIXED-LENGTH DATA ELEMENTS--GENERAL INFORMATION
fixed length control field 250303b cb ||||| |||| 00| 0 eng d
020 ## - INTERNATIONAL STANDARD BOOK NUMBER
International Standard Book Number 9780440401377
040 ## - CATALOGING SOURCE
Original cataloging agency FISKH
Language of cataloging eng
Transcribing agency FISKH
Modifying agency FISKH
050 ## - LIBRARY OF CONGRESS CALL NUMBER
Classification number PZ7.B9836 B
082 ## - DEWEY DECIMAL CLASSIFICATION NUMBER
Classification number 813.54
100 ## - MAIN ENTRY--PERSONAL NAME
Personal name Byars, Betsy
Dates associated with a name (1928–2020)
245 ## - TITLE STATEMENT
Title A blossom promise /
Statement of responsibility, etc. Betsy Byars ; illustrated by Jacqueline Rogers
250 ## - EDITION STATEMENT
Edition statement This edition first published in 1987
260 ## - PUBLICATION, DISTRIBUTION, ETC.
Place of publication, distribution, etc. New York :
Name of publisher, distributor, etc. Yearling,
Date of publication, distribution, etc. 1989
300 ## - PHYSICAL DESCRIPTION
Extent 145 pages :
Other physical details illustrations ;
Dimensions 20 cm
505 ## - FORMATTED CONTENTS NOTE
Formatted contents note R<br/>
520 ## - SUMMARY, ETC.
Summary, etc. In the aftermath of a big flood in Alderson County, the Blossom family continues coping in their rare family style.
521 8# - TARGET AUDIENCE NOTE
Target audience note 620<br/>
Source Lexile<br/>
521 8# - TARGET AUDIENCE NOTE
Target audience note R<br/>
Source Raz-Plus<br/>
650 ## - SUBJECT ADDED ENTRY--TOPICAL TERM
Source of heading or term Blossoms
Topical term or geographic name entry element Children fiction
650 ## - SUBJECT ADDED ENTRY--TOPICAL TERM
Source of heading or term Heart attacks
Topical term or geographic name entry element Chapter Books
700 ## - ADDED ENTRY--PERSONAL NAME
Personal name Rogers, Jacqueline
Dates associated with a name illustrator
942 ## - ADDED ENTRY ELEMENTS (KOHA)
Source of classification or shelving scheme Dewey Decimal Classification
Koha item type Books
Suppress in OPAC No
Holdings
Withdrawn status Lost status Source of classification or shelving scheme Damaged status Not for loan Collection Home library Current library Shelving location Date acquired Total Checkouts Full call number Barcode Date last seen Copy number Price effective from Koha item type
    Dewey Decimal Classification     Juvenile Fiction Footprints International School Library Network Toul Kork Campus Footprints International School Library Network Toul Kork Campus TTP Primary Yellow Bookshelves 03/03/2025   BYA 813.54 PZ7.B9836 B 2025-0722 03/03/2025 1 03/03/2025 Books